[Event "HUN-chT2 0102"]
[Site "?"]
[Date "2002.01.27"]
[Round "6"]
[White "Menyhart Tibor"]
[Black "Kun Gabor"]
[Result "0-1"]
[WhiteElo "2234"]
[BlackElo "2274"]
[PlyCount "150"]
[EventDate "2002.??.??"]
[Source "www.chesslib.no"]
[SourceDate "2004.05.04"]

1. d4 f5 2. e4 fxe4 3. Nc3 Nf6 4. g4 g6 5. g5 Nh5 6. Nxe4 d5 7. Ng3 Nxg3 8. hxg3 Bg7 9. Be3 O-O 10. Qd2 c5 11. c3 cxd4 12. Bxd4 Bxd4 13. Qxd4 e5 14. Qh4 Qc7 15. Bg2 Be6 16. Nf3 Nc6 17. O-O e4 18. Nd2 Ne5 19. c4 Nxc4 20. Rac1 e3 21. fxe3 Rxf1+ 22. Bxf1 Qe5 23. Nxc4 dxc4 24. Qf4 Qxb2 25. Qe4 Bf7 26. Rb1 Qc3 27. Rxb7 Re8 28. Re7 Rxe7 29. Qxe7 Qa5 30. Bh3 Qe1+ 31. Kh2 Qd2+ 32. Kh1 Qd5+ 33. e4 Qd1+ 34. Kh2 Qd2+ 35. Kh1 Qc1+ 36. Kh2 Qd2+ 37. Kh1 c3 38. Be6 Qe1+ 39. Kh2 Qf2+ 40. Kh1 Qf1+ 41. Kh2 Qe2+ 42. Kg1 Qe3+ 43. Kh2 Qd2+ 44. Kh1 Bxe6 45. Qxe6+ Kf8 46. Qf6+ Ke8 47. Qh8+ Kd7 48. Qxh7+ Kc8 49. Qh8+ Kb7 50. Qg7+ Ka6 51. Qxg6+ Ka5 52. Qf5+ Ka4 53. Qc5 Qe1+ 54. Kh2 Qe2+ 55. Kh3 c2 56. Qxa7+ Kb4 57. Qb6+ Kc3 58. Qc5+ Kd2 59. Qd4+ Ke1 60. Qc5 Qf2 61. Qa3 Qd2 62. Kg4 c1=Q 63. Qxc1+ Qxc1 64. Kf5 Kf2 65. g6 Qh6 66. e5 Kxg3 67. Kf6 Qf8+ 68. Ke6 Kf4 69. a4 Qe8+ 70. Kf6 Qxe5+ 71. Kf7 Kf5 72. g7 Qc7+ 73. Kf8 Kf6 74. g8=N+ Ke6 75. Nh6 Qh7 0-1

[Event "Hradec Kralove Open"]
[Site "Hradec Kralove CZE"]
[Date "1994.??.??"]
[Round "3"]
[White "Reznicek, Pavel"]
[Black "Danner, Georg"]
[Result "0-1"]
[WhiteElo "2065"]
[BlackElo "2440"]
[PlyCount "70"]
[EventDate "1994.??.??"]
[Source "www.chesslib.no"]
[SourceDate "2004.05.04"]

1. d4 f5 2. e4 fxe4 3. Nc3 Nf6 4. f3 d5 5. fxe4 dxe4 6. Bc4 Bf5 7. Nge2 Nc6 8. O-O e6 9. Bg5 Be7 10. Qd2 Na5 11. Bb3 Nxb3 12. axb3 O-O 13. Ng3 Bg6 14. Rad1 c5 15. Bxf6 Bxf6 16. dxc5 Qxd2 17. Rxd2 e3 18. Re2 a5 19. Nce4 Bxb2 20. c3 Rxf1+ 21. Kxf1 Bc1 22. Ra2 h5 23. h4 Rf8+ 24. Ke2 Rf4 25. Ra4 e5 26. Ra1 Bd2 27. Nxd2 exd2 28. Ra2 Rg4 29. Nf1 Rxg2+ 30. Kd1 Rg1 31. Rxd2 Rxf1+ 32. Ke2 Rb1 33. Rd8+ Kh7 34. Rb8 Rb2+ 35. Kd1 Rxb3 0-1

[Event "Acasusso Open"]
[Site "Acasusso ARG"]
[Date "1991.??.??"]
[Round "11"]
[White "Goldschmidt, Bernardo"]
[Black "Anelli, Antonio"]
[Result "0-1"]
[WhiteElo "2210"]
[BlackElo "2295"]
[PlyCount "153"]
[EventDate "1991.??.??"]
[Source "www.chesslib.no"]
[SourceDate "2004.05.04"]

1. d4 f5 2. e4 fxe4 3. Nc3 Nf6 4. g4 h6 5. f3 d5 6. g5 hxg5 7. Bxg5 Bf5 8. Bg2 e3 9. Nge2 e6 10. Ng3 Bg6 11. Qe2 Nc6 12. O-O-O Qd7 13. Qxe3 O-O-O 14. h4 Re8 15. Bh3 Kb8 16. Rhg1 Qf7 17. Rde1 e5 18. Qf2 Nxd4 19. f4 Bc5 20. Qg2 e4 21. f5 Bh5 22. Nxh5 Nxh5 23. Rgf1 Nf3 24. Rd1 c6 25. Bg4 Ne5 26. Be2 Ka8 27. Qh3 Be7 28. Qe3 Nf6 29. Qd4 Nfd7 30. Bf4 Bc5 31. Qd2 Rxh4 32. Na4 Bd6 33. c4 Rxf4 34. Rxf4 Nd3+ 35. Bxd3 Bxf4 36. Qxf4 exd3 37. cxd5 Qxd5 38. Nc3 Qe5 39. Qxe5 Nxe5 40. Rg1 a6 41. Rxg7 Rf8 42. Rg5 Nf3 43. Rh5 d2+ 44. Kd1 Ka7 45. Kc2 Rxf5 46. Rxf5 Nd4+ 47. Kxd2 Nxf5 48. Kd3 Kb6 49. Ne4 Kc7 50. Nc5 a5 51. Ke4 Nd6+ 52. Kd4 b6 53. Nd3 Nf7 54. a4 Kd6 55. Nf4 Ng5 56. Kc4 Ne6 57. Ne2 Nc5 58. Nc3 Na6 59. Ne4+ Ke5 60. Nc3 Nb4 61. Ne2 Nd5 62. Nd4 Nb4 63. Nf3+ Ke4 64. Nd4 Ke5 65. Nf3+ Kd6 66. Nd4 Nd5 67. Nf5+ Kd7 68. Nd4 Ne3+ 69. Kd3 Ng4 70. Nf3 Kd6 71. Nd2 Kc5 72. Kc3 Nf6 73. Nb3+ Kd5 74. Nc1 Ne4+ 75. Kd3 Nc5+ 76. Kc3 Ke4 77. Ne2 0-1

[Event "BL2-Ost 0001"]
[Site "Germany"]
[Date "2001.04.01"]
[Round "8.7"]
[White "Huemmer, Bernd"]
[Black "Haubt, Georg"]
[Result "0-1"]
[WhiteElo "2251"]
[BlackElo "2252"]
[PlyCount "58"]
[EventDate "2000.10.15"]
[Source "ChessBase"]
[SourceDate "2001.07.03"]

1. d4 f5 2. e4 fxe4 3. Nc3 Nf6 4. g4 h6 5. h4 d5 6. Bh3 Nc6 7. Bf4 g5 8. Be5 Be6 9. f4 Rg8 10. hxg5 hxg5 11. fxg5 Nxe5 12. gxf6 Bxg4 13. dxe5 Bxd1 14. Be6 Rxg1+ 15. Rxg1 Bh5 16. Nxd5 Bf7 17. Bxf7+ Kxf7 18. O-O-O Bh6+ 19. Kb1 e6 20. Nc3 Qe8 21. Rh1 Bf4 22. Rdg1 Bxe5 23. Rh7+ Kxf6 24. Nxe4+ Kf5 25. Nd2 Bf4 26. Nf3 e5 27. Rgg7 Rd8 28. c3 Qb5 29. Rf7+ Ke4 0-1

[Event "AUT-chT2O 0102"]
[Site "?"]
[Date "2001.??.??"]
[Round "2"]
[White "Hadjieff Dieter"]
[Black "Stuhlik Marko"]
[Result "1/2-1/2"]
[WhiteElo "2256"]
[BlackElo "2247"]
[PlyCount "23"]
[EventDate "2001.??.??"]
[Source "www.chesslib.no"]
[SourceDate "2004.05.04"]

1. d4 f5 2. e4 fxe4 3. Nc3 Nf6 4. f3 e3 5. Bxe3 e6 6. Bd3 Bb4 7. Nge2 O-O 8. O-O b6 9. Ne4 Bb7 10. c3 Be7 11. Nxf6+ Bxf6 12. Be4 1/2-1/2

[Event "Donau Open"]
[Site "?"]
[Date "1998.??.??"]
[Round "?"]
[White "Bachmayr, J."]
[Black "Schroll, G."]
[Result "0-1"]
[WhiteElo "2105"]
[BlackElo "2395"]
[PlyCount "142"]
[EventDate "1998.??.??"]
[Source "www.chesslib.no"]
[SourceDate "2004.05.04"]

1. d4 f5 2. e4 fxe4 3. Nc3 Nf6 4. f3 d5 5. fxe4 dxe4 6. Bc4 Bf5 7. Nge2 e6 8. O-O Qd7 9. Bf4 Nc6 10. Qe1 Nxd4 11. Rd1 Nxe2+ 12. Nxe2 Bc5+ 13. Kh1 Qe7 14. Bg5 Bd6 15. Ng3 O-O-O 16. Nxe4 Bxe4 17. Bxf6 Bxg2+ 18. Kxg2 gxf6 19. Qxe6+ Kb8 20. Qxe7 Bxe7 21. Rxd8+ Rxd8 22. Re1 Bd6 23. Bf7 Be5 24. Kf3 a6 25. b3 Rd2 26. Re2 Rd1 27. a4 Ka7 28. Be6 c6 29. Rg2 b5 30. axb5 cxb5 31. Rg7+ Kb6 32. Rxh7 Rd2 33. Bf5 Bxh2 34. Ke3 Rg2 35. Be4 Bg1+ 36. Kf4 Rf2+ 37. Kg3 Rd2 38. b4 a5 39. bxa5+ Kxa5 40. Rh1 Bd4 41. Rb1 b4 42. Rf1 Ka4 43. Rf3 Bc3 44. Rf2 Rd1 45. Kf3 Ka3 46. Ke2 Rd4 47. Ke3 Kb2 48. Rg2 Rd1 49. Rh2 Rf1 50. Ke2 Rf4 51. Ke3 Be5 52. Rf2 Rh4 53. Kd3 Bc3 54. Rg2 Rh3+ 55. Kc4 Re3 56. Bd3 Re8 57. Rf2 Rd8 58. Bf5 Rd4+ 59. Kc5 Kc1 60. Rg2 Kd1 61. Rh2 Ke1 62. Rg2 Rh4 63. Bd3 f5 64. Rg1+ Kd2 65. Rf1 f4 66. Kd5 Ke3 67. Rd1 f3 68. Ba6 Bd2 69. Rf1 f2 70. Kc5 Rh5+ 71. Kc4 Ra5 0-1

[Event "SWE Team Ch 9596"]
[Site "Sweden"]
[Date "1996.??.??"]
[Round "?"]
[White "Nylen, Anders"]
[Black "Winge, Stefan"]
[Result "0-1"]
[WhiteElo "2225"]
[BlackElo "2275"]
[PlyCount "154"]
[EventDate "1995.??.??"]
[Source "www.chesslib.no"]
[SourceDate "2004.05.04"]

1. d4 f5 2. e4 fxe4 3. Nc3 Nf6 4. f3 d5 5. Bg5 Bf5 6. fxe4 dxe4 7. Bc4 Nbd7 8. Nge2 h6 9. O-O e6 10. Bf4 Nb6 11. Bb3 Qd7 12. Qe1 c6 13. Rd1 Nbd5 14. Bc1 Bd6 15. Ng3 Bg4 16. Nce2 Qc7 17. c4 Nb4 18. Rxf6 gxf6 19. Nxe4 Bxh2+ 20. Kh1 O-O-O 21. Nxf6 h5 22. a3 Na6 23. c5 Rdf8 24. Bg5 Qg7 25. Bh4 Bc7 26. Ne4 Rhg8 27. Rd2 Rf3 28. Nc1 Rh3+ 29. Kg1 Bh2+ 30. Kf1 Bf4 31. gxh3 Bxh3+ 32. Ke2 Qh7 33. Nf2 Rg2 34. Bc2 Qg7 35. Kd3 Rg1 36. Nxh3 Rxe1 37. Bxe1 Bxd2 38. Kxd2 Qg2+ 39. Nf2 h4 40. Ne2 h3 41. Nf4 Qg7 42. N2xh3 Qxd4+ 43. Kc1 Nxc5 44. Bc3 Qe3+ 45. Bd2 Qg3 46. Bb4 Nd7 47. Bd2 e5 48. Bf5 exf4 49. Bxd7+ Kxd7 50. Nxf4 a5 51. Kc2 a4 52. Nd3 Qg6 53. Bc3 Qg2+ 54. Kc1 b6 55. Bd2 Qd5 56. Nb4 Qb3 57. Bc3 Kd6 58. Kd2 Qg8 59. Ke3 Qg3+ 60. Ke4 Kc5 61. Nd3+ Kc4 62. Ne5+ Kb3 63. Kd4 Qf4+ 64. Kd3 c5 65. Ke2 Kc2 66. Nf3 Qe4+ 67. Kf2 b5 68. Bf6 Kd1 69. Be5 Qc2+ 70. Kg3 Ke2 71. Ng1+ Ke3 72. Nh3 Qg6+ 73. Kh2 Kf3 74. Ng1+ Kf2 75. Nh3+ Kf1 76. Nf4 Qg5 77. Kh3 Qxe5 0-1

[Event "BL2-W 9091"]
[Site "GER"]
[Date "1990.??.??"]
[Round "?"]
[White "Huelsmann, Josef"]
[Black "Schlueter, Wolfgang"]
[Result "0-1"]
[WhiteElo "2215"]
[BlackElo "2275"]
[PlyCount "90"]
[EventDate "1990.10.??"]
[Source "www.chesslib.no"]
[SourceDate "2004.05.04"]

1. d4 f5 2. e4 fxe4 3. Nc3 Nf6 4. g4 d5 5. g5 Ng8 6. f3 e5 7. dxe5 Bb4 8. fxe4 Ne7 9. Bd2 dxe4 10. Bc4 Qd4 11. Qe2 e3 12. O-O-O exd2+ 13. Rxd2 Qf4 14. Qd3 Nbc6 15. Nge2 Qf5 16. Qe3 Rf8 17. Rhd1 Be6 18. Ng3 Qg4 19. Be2 Qf4 20. Qd3 Rd8 21. Qxh7 Rxd2 22. Rxd2 Bxc3 23. bxc3 Qxe5 24. Nh5 Rg8 25. Bd3 Qxc3 26. Re2 Nd4 27. Re3 Kd8 28. Qe4 Nef5 29. Re1 Re8 30. g6 Qa3+ 31. Kd1 Bd7 32. Qf4 Rxe1+ 33. Kxe1 Qc3+ 34. Kf2 Qc5 35. Kf1 Nxc2 36. Nxg7 Nxg7 37. Bxc2 Qxc2 38. Qf6+ Ke8 39. Qxg7 Bh3+ 40. Ke1 Qc1+ 41. Kf2 Qf4+ 42. Ke1 Qe3+ 43. Kd1 Bg4+ 44. Kc2 Bf5+ 45. Kb2 Qd2+ 0-1

[Event "Sion"]
[Site "Sion"]
[Date "1990.??.??"]
[Round "?"]
[White "Streitberg, Petr"]
[Black "Vianin, Pascal"]
[Result "1-0"]
[WhiteElo "2275"]
[BlackElo "2210"]
[PlyCount "93"]
[EventDate "1990.??.??"]
[Source "www.chesslib.no"]
[SourceDate "2004.05.04"]

1. d4 f5 2. e4 fxe4 3. Nc3 Nf6 4. f3 d5 5. fxe4 dxe4 6. Bg5 Bf5 7. Bc4 Nc6 8. Nge2 e6 9. O-O Be7 10. Qe1 Na5 11. Bb5+ c6 12. Ba4 O-O 13. Ng3 b5 14. Bb3 Nxb3 15. axb3 Qxd4+ 16. Be3 Qd7 17. Rd1 Qc7 18. h3 Nd5 19. Nxd5 cxd5 20. Nxf5 exf5 21. Rxd5 f4 22. Bd4 e3 23. Qe2 a6 24. Qg4 Rf7 25. c3 Rd8 26. Rf5 e2 27. Re1 Rxd4 28. cxd4 Qd6 29. Rxf7 Qxd4+ 30. Kh1 Kxf7 31. Qxe2 Qf6 32. Qh5+ Kf8 33. Qxh7 Kf7 34. Qh5+ Kf8 35. Qd5 g5 36. Re5 Kg7 37. Re6 Qf7 38. Qe4 Bf6 39. Rb6 Kh6 40. Rb7 Qg8 41. Rb6 Qg7 42. Rxa6 Kh5 43. Qf3+ Kh6 44. Qc6 Kg6 45. Qe4+ Kh5 46. Qf5 Qe7 47. Re6 1-0

[Event "HUN-chT2 9798"]
[Site "HUN"]
[Date "1998.??.??"]
[Round "?"]
[White "Pottornyai, Laszlo"]
[Black "Horvath, Julia"]
[Result "0-1"]
[WhiteElo "2210"]
[BlackElo "2270"]
[PlyCount "52"]
[EventDate "1997.??.??"]
[Source "www.chesslib.no"]
[SourceDate "2004.05.04"]

1. d4 f5 2. e4 fxe4 3. Nc3 Nf6 4. g4 h6 5. g5 hxg5 6. Bxg5 d5 7. f3 Bf5 8. Bxf6 gxf6 9. fxe4 dxe4 10. Nge2 Nc6 11. Bg2 Qd6 12. d5 Rxh2 13. Nxe4 Bxe4 14. Bxe4 Rxh1+ 15. Bxh1 Qh2 16. Bf3 Ne5 17. Nd4 Nxf3+ 18. Nxf3 Qg3+ 19. Ke2 Qg2+ 20. Kd3 O-O-O 21. c4 e6 22. Kc3 exd5 23. Qd3 dxc4 24. Qf5+ Kb8 25. Re1 a5 26. a3 Rd3+ 0-1

[Event "POL-chT2"]
[Site "?"]
[Date "2003.09.07"]
[Round "2"]
[White "Siwiec Bartlomiej"]
[Black "Chojnacki Slawomir"]
[Result "0-1"]
[WhiteElo "2242"]
[BlackElo "2230"]
[PlyCount "50"]
[EventDate "2003.??.??"]
[Source "www.chesslib.no"]
[SourceDate "2004.05.04"]

1. d4 f5 2. e4 fxe4 3. Nc3 Nf6 4. f3 Nc6 5. d5 Ne5 6. Bf4 d6 7. Bxe5 dxe5 8. fxe4 e6 9. Bb5+ Bd7 10. dxe6 Bxb5 11. Nxb5 c6 12. Nc3 Qb6 13. Nh3 Bb4 14. Qf3 O-O-O 15. Ng5 Rhe8 16. Rd1 h6 17. Rxd8+ Qxd8 18. Nf7 Qd4 19. Ke2 Bxc3 20. bxc3 Qc5 21. Qd3 Kc7 22. Rb1 b6 23. Rd1 b5 24. Kf1 Qc4 25. Nxe5 Qxe6 0-1

[Event "CZE-chT2 9900"]
[Site "CZE"]
[Date "1999.??.??"]
[Round "?"]
[White "Kourek, Josef"]
[Black "Sykora, Ondrej"]
[Result "1-0"]
[WhiteElo "2265"]
[BlackElo "2200"]
[PlyCount "41"]
[EventDate "1999.??.??"]
[Source "www.chesslib.no"]
[SourceDate "2004.05.04"]

1. d4 f5 2. e4 fxe4 3. f3 e6 4. Bf4 Bd6 5. Bxd6 cxd6 6. Nc3 d5 7. fxe4 dxe4 8. Qh5+ Kf8 9. Nxe4 d5 10. Ng5 g6 11. Qh4 Qe7 12. Bd3 Kg7 13. Qf4 Nc6 14. O-O-O Nh6 15. N1f3 Rf8 16. Qd2 Bd7 17. h4 Qf6 18. h5 Qf4 19. hxg6 Qxd2+ 20. Kxd2 Nb4 21. Rxh6 1-0

[Event "BL9192 (Women)"]
[Site "Germany"]
[Date "1992.??.??"]
[Round "?"]
[White "Juergens, Vera"]
[Black "Beltz, Martina"]
[Result "1-0"]
[WhiteElo "2275"]
[BlackElo "2185"]
[PlyCount "105"]
[EventDate "1991.10.??"]
[Source "www.chesslib.no"]
[SourceDate "2004.05.04"]

1. d4 f5 2. e4 fxe4 3. Nc3 g6 4. Nxe4 Bg7 5. Nf3 Nf6 6. Nxf6+ exf6 7. Be3 d5 8. Qd2 Bg4 9. Be2 Nc6 10. O-O-O Qd7 11. h3 Bxf3 12. Bxf3 O-O-O 13. Qc3 Rhe8 14. Kb1 Kb8 15. Qa3 Re6 16. c4 Ne7 17. c5 Ra6 18. Qb3 f5 19. Be2 Re6 20. Bb5 Nc6 21. Rd3 Qe7 22. Rhd1 g5 23. Qa4 f4 24. Rb3 Qe8 25. Bc1 Qg6+ 26. Bd3 Qh5 27. Bf5 Rf6 28. f3 Re8 29. Qa6 Nd8 30. c6 Rxc6 31. Rxb7+ Nxb7 32. Qxc6 Qf7 33. Bc2 Qe6 34. Qb5 a6 35. Qa4 Ka7 36. Bxh7 Rb8 37. Bd3 Qb6 38. Bc2 Nd6 39. b3 Nb5 40. Bb2 Re8 41. Bd3 Kb7 42. Qb4 Re6 43. a4 Na7 44. Qxb6+ Kxb6 45. Ba3 Bxd4 46. Bf5 Re5 47. Bd7 c5 48. b4 cxb4 49. Bxb4 Bc5 50. a5+ Kc7 51. Bxc5 Kxd7 52. Bxa7 Kc6 53. Kc2 1-0

[Event "ch-Kyiv Men"]
[Site "Kyiv UKR"]
[Date "2008.01.31"]
[Round "11"]
[White "Gerber, Vl"]
[Black "Panchenko, AG."]
[Result "0-1"]
[WhiteElo "2130"]
[BlackElo "2327"]
[PlyCount "62"]
[EventDate "2008.01.19"]
[Source "www.chesslib.no"]
[SourceDate "2004.05.04"]

1. d4 f5 2. e4 fxe4 3. Nc3 Nf6 4. g4 d5 5. g5 Bg4 6. Be2 Bxe2 7. Qxe2 Ng8 8. Qb5+ Nc6 9. Nxd5 e6 10. Qxb7 exd5 11. Qxc6+ Kf7 12. Bf4 Ne7 13. Qc3 Ng6 14. Be3 Bd6 15. h4 Qd7 16. h5 Ne7 17. O-O-O Rhf8 18. g6+ hxg6 19. h6 gxh6 20. Bxh6 Rh8 21. Ne2 Qg4 22. f3 exf3 23. Rdf1 Nf5 24. Qxf3 Qxf3 25. Rxf3 Bf8 26. Ng3 Bxh6+ 27. Kd1 Bg7 28. Rhf1 Bxd4 29. c3 Be5 30. Nxf5 gxf5 31. Rxf5+ Ke6 0-1

[Event "N2 Ouest"]
[Site "?"]
[Date "2003.03.16"]
[Round "9"]
[White "Renaze Luc"]
[Black "Le Floch Sebastien"]
[Result "1-0"]
[WhiteElo "2263"]
[BlackElo "2193"]
[PlyCount "55"]
[EventDate "2003.??.??"]
[Source "www.chesslib.no"]
[SourceDate "2004.05.04"]

1. d4 f5 2. e4 fxe4 3. Nc3 Nf6 4. f3 Nc6 5. Bf4 e6 6. fxe4 Bb4 7. Bd3 d6 8. e5 Nxd4 9. exf6 Qxf6 10. Nh3 Bxc3+ 11. bxc3 Nf5 12. O-O O-O 13. Qd2 Bd7 14. Rae1 h6 15. Bxf5 exf5 16. Be3 Rf7 17. Nf4 Raf8 18. Bd4 Qg5 19. c4 h5 20. h4 Qg4 21. Qf2 g5 22. Ng6 Re8 23. Rxe8+ Bxe8 24. Re1 Bc6 25. Ne7+ Rxe7 26. Rxe7 Bxg2 27. Rg7+ Kf8 28. Rxg5 1-0

[Event "Bayern"]
[Site "?"]
[Date "1999.??.??"]
[Round "5"]
[White "Schmid Hermann"]
[Black "Stoll Ferdinand"]
[Result "0-1"]
[WhiteElo "2180"]
[BlackElo "2275"]
[PlyCount "50"]
[EventDate "1999.??.??"]
[Source "www.chesslib.no"]
[SourceDate "2004.05.04"]

1. d4 f5 2. e4 fxe4 3. Nc3 Nf6 4. g4 h6 5. h4 d5 6. Bh3 g5 7. f3 Qd6 8. Be3 Be6 9. Qe2 Nbd7 10. O-O-O Nb6 11. Kb1 Nc4 12. Bc1 O-O-O 13. fxe4 Nxe4 14. Nxe4 dxe4 15. Bg2 Qa6 16. b3 Bg7 17. c3 Nd6 18. Qxa6 bxa6 19. hxg5 hxg5 20. Bxg5 Rxh1 21. Bxh1 Bxg4 22. Re1 Rh8 23. Bg2 Rh2 24. Bf1 Nb5 25. Re3 Na3+ 0-1

[Event "Zug"]
[Site "Zug"]
[Date "1991.??.??"]
[Round "6"]
[White "Liardet, Fabrice"]
[Black "Horvath, Sandor"]
[Result "1/2-1/2"]
[WhiteElo "2205"]
[BlackElo "2250"]
[PlyCount "66"]
[EventDate "1991.??.??"]
[Source "www.chesslib.no"]
[SourceDate "2004.05.04"]

1. d4 f5 2. e4 fxe4 3. Nc3 Nf6 4. f3 d5 5. fxe4 dxe4 6. Bc4 Bf5 7. Nge2 e6 8. O-O Nc6 9. Bg5 Bd6 10. d5 Bxh2+ 11. Kh1 Na5 12. Bb5+ c6 13. dxc6 bxc6 14. Ba4 Bd6 15. Bxf6 gxf6 16. Nd4 O-O 17. Rxf5 exf5 18. Nxf5 Bf4 19. Qg4+ Bg5 20. b4 Kh8 21. Rd1 Qc7 22. bxa5 e3 23. Ne4 Rae8 24. Nfd6 Re5 25. Bb3 Qg7 26. Nf7+ Rxf7 27. Bxf7 Qxf7 28. Rd8+ Kg7 29. Rd7 Re7 30. Nxg5 fxg5 31. Qxg5+ Kf8 32. Rd8+ Re8 33. Qh6+ Kg8 1/2-1/2

[Event "Zuerich Open"]
[Site "Zurich SUI"]
[Date "1995.??.??"]
[Round "2"]
[White "Hochstrasser, Michael"]
[Black "Speck, Hans"]
[Result "1-0"]
[WhiteElo "2255"]
[BlackElo "2200"]
[PlyCount "109"]
[EventDate "1995.12.??"]
[Source "www.chesslib.no"]
[SourceDate "2004.05.04"]

1. d4 f5 2. e4 fxe4 3. Nc3 Nf6 4. f3 e3 5. Bxe3 d5 6. Qd2 Nc6 7. Nge2 Bf5 8. g4 Bg6 9. Nf4 Bf7 10. O-O-O e6 11. Bh3 Bd6 12. g5 Bxf4 13. gxf6 Bxe3 14. Qxe3 Qxf6 15. Nxd5 Qd8 16. Bxe6 O-O 17. Nc3 Bxe6 18. Qxe6+ Kh8 19. Rhg1 Rxf3 20. Rxg7 Kxg7 21. Qg4+ Kh8 22. Qxf3 Qg5+ 23. Kb1 Rd8 24. d5 Ne7 25. Qf2 a6 26. a3 Qg7 27. Rg1 Qe5 28. Re1 Qg7 29. Qh4 Rd7 30. Qb4 b5 31. Qc5 Qf7 32. Qd4+ Qg7 33. Qe4 Ng8 34. Qe8 Re7 35. Rxe7 Qxe7 36. Qxe7 Nxe7 37. Kc1 Kg7 38. Kd2 Kf6 39. a4 b4 40. Ne4+ Ke5 41. Nc5 a5 42. Nb7 Kxd5 43. Nxa5 c5 44. b3 Nf5 45. Nc4 Nd4 46. Kd3 Nf3 47. Ne3+ Kc6 48. Ke4 Nd4 49. Ke5 h5 50. Kf4 c4 51. Nxc4 Nxc2 52. h4 Nd4 53. Nd2 Ne6+ 54. Ke5 Nc5 55. Kd4 1-0

[Event "FRA-chT"]
[Site "FRA"]
[Date "1998.05.09"]
[Round "9"]
[White "Simon, Gerard"]
[Black "Parr, Erik"]
[Result "0-1"]
[WhiteElo "2165"]
[BlackElo "2285"]
[PlyCount "62"]
[EventDate "1998.02.06"]
[Source "ChessBase"]
[SourceDate "1998.07.07"]

1. d4 f5 2. e4 fxe4 3. Nc3 Nf6 4. f3 d5 5. fxe4 dxe4 6. Bg5 Bf5 7. Bc4 Nbd7 8. Nge2 Nb6 9. Bb3 Qd7 10. O-O O-O-O 11. a4 e6 12. a5 Nbd5 13. a6 b6 14. Nxd5 exd5 15. Ba4 Qe6 16. Nf4 Qd6 17. Qd2 Bd7 18. Bb3 c6 19. c3 h6 20. Bxf6 gxf6 21. Bd1 Rg8 22. Rc1 Kb8 23. c4 dxc4 24. Rxc4 c5 25. Qe3 f5 26. dxc5 Qxc5 27. Rd4 Bg7 28. Ne2 Bxd4 29. Nxd4 Bb5 30. Bb3 Qxd4 31. Qxd4 Rxd4 0-1

[Event "Balatonlelle HUN"]
[Site "?"]
[Date "2006.06.24"]
[Round "8.17"]
[White "Rezsek Gyozo"]
[Black "Csala Imre"]
[Result "0-1"]
[WhiteElo "2118"]
[BlackElo "2332"]
[PlyCount "42"]
[EventDate "2006.??.??"]
[Source "www.chesslib.no"]
[SourceDate "2004.05.04"]

1. d4 f5 2. e4 fxe4 3. f3 exf3 4. Nxf3 e6 5. Bd3 Be7 6. O-O Nf6 7. Qe2 b6 8. Nc3 Bb7 9. Bd2 O-O 10. Kh1 Nc6 11. Rae1 Nb4 12. Be4 Nxe4 13. Nxe4 Nxc2 14. Rc1 Rxf3 15. Qxf3 Nxd4 16. Qf7+ Kh8 17. Ng3 c5 18. Nh5 Qf8 19. Qxf8+ Rxf8 20. Rxf8+ Bxf8 21. a4 Kg8 0-1

[Event "Capablanca mem-D"]
[Site "Cienfuegos"]
[Date "1996.??.??"]
[Round "13"]
[White "Dominiguez, Jose M"]
[Black "Rios, Eyleen"]
[Result "1-0"]
[WhiteElo "2295"]
[BlackElo "2150"]
[PlyCount "33"]
[EventDate "1996.05.??"]
[Source "ChessBase"]

1. d4 f5 2. e4 fxe4 3. f3 e5 4. dxe5 Nc6 5. Bf4 Nge7 6. fxe4 Ng6 7. Qh5 Qe7 8. Nc3 Qf7 9. Nd5 Nb4 10. Nh3 Nxd5 11. Bc4 Qe7 12. Bxd5 c6 13. O-O-O cxd5 14. Bg5 Qb4 15. Nf4 Qxe4 16. Rhe1 Qc4 17. Nxg6 1-0

[Event "Corr"]
[Site "?"]
[Date "1996.06.24"]
[Round "?"]
[White "Cullen Peter (USA)"]
[Black "Brooke Robert (USA)"]
[Result "1-0"]
[WhiteElo "2245"]
[BlackElo "2190"]
[PlyCount "55"]
[EventDate "1996.??.??"]
[Source "www.chesslib.no"]
[SourceDate "2004.05.04"]

1. d4 f5 2. e4 fxe4 3. Nc3 Nf6 4. f3 d5 5. fxe4 dxe4 6. Bg5 Bf5 7. Bc4 Nc6 8. Nge2 Qd7 9. d5 Na5 10. Bb5 c6 11. dxc6 bxc6 12. Ba4 Nc4 13. Bb3 Ne5 14. Qxd7+ Bxd7 15. Ng3 h6 16. Bf4 Ng6 17. Be3 e5 18. Ngxe4 O-O-O 19. O-O Be7 20. Bxa7 Nf4 21. Nxf6 gxf6 22. Be3 Ne6 23. Na4 Nc7 24. Bc5 Bxc5+ 25. Nxc5 Rhf8 26. a4 Be8 27. a5 Bg6 28. Be6+ 1-0

[Event "Oberliga Ost-A 9495"]
[Site "GER"]
[Date "1995.??.??"]
[Round "?"]
[White "Starck, Bodo"]
[Black "Schikor, Torsten"]
[Result "1-0"]
[WhiteElo "2290"]
[BlackElo "2145"]
[PlyCount "63"]
[EventDate "1994.10.??"]
[Source "www.chesslib.no"]
[SourceDate "2004.05.04"]

1. d4 f5 2. e4 fxe4 3. Nc3 Nf6 4. f3 d5 5. fxe4 dxe4 6. Bg5 Bf5 7. Bc4 Nc6 8. d5 Ne5 9. Bb5+ Nfd7 10. Qd4 c6 11. dxc6 bxc6 12. Ba4 Qb6 13. O-O-O Rb8 14. Qxb6 axb6 15. Re1 Nf7 16. Bf4 e5 17. Nxe4 Bxe4 18. Rxe4 Nc5 19. Bxc6+ Kd8 20. Rxe5 Nxe5 21. Bxe5 Rc8 22. Bb5 Nd7 23. Bg3 Rc5 24. a4 g5 25. Ne2 h5 26. Rd1 Rh7 27. Nd4 Ke8 28. Ne6 Rf5 29. Bd3 Rhf7 30. Re1 Be7 31. Bxf5 Rxf5 32. Ng7+ 1-0

[Event "Montecatini Terme Open"]
[Site "Montecatini Terme ITA"]
[Date "1994.??.??"]
[Round "?"]
[White "Cirabisi, Federico"]
[Black "Gorgs, Alfred"]
[Result "1-0"]
[WhiteElo "2240"]
[BlackElo "2195"]
[PlyCount "55"]
[EventDate "1994.??.??"]
[Source "www.chesslib.no"]
[SourceDate "2004.05.04"]

1. d4 f5 2. e4 fxe4 3. Nc3 Nf6 4. f3 d5 5. Bg5 Bf5 6. Qe2 Nc6 7. O-O-O Qd7 8. Qf2 O-O-O 9. g4 Bg6 10. h3 e6 11. Bg2 Be7 12. Bf4 Rhf8 13. Qe3 h6 14. Nge2 Kb8 15. Nb5 Rc8 16. Qb3 exf3 17. Bxf3 Nb4 18. Na3 Ne4 19. Bxe4 Bxe4 20. Rhf1 Ka8 21. Nc3 Bg6 22. h4 b6 23. Be5 c5 24. dxc5 bxc5 25. h5 c4 26. Qa4 Nxa2+ 27. Kb1 Rxf1 28. Rc1 1-0

[Event "Bled op-B"]
[Site "Bled"]
[Date "1998.??.??"]
[Round "5"]
[White "Kovacic, Peter"]
[Black "Bozanic, Ivica"]
[Result "1/2-1/2"]
[WhiteElo "2265"]
[BlackElo "2165"]
[PlyCount "42"]
[EventDate "1998.03.21"]
[Source "www.chesslib.no"]
[SourceDate "2004.05.04"]

1. d4 f5 2. e4 fxe4 3. Nc3 Nf6 4. f3 d5 5. fxe4 dxe4 6. Bg5 Bf5 7. Bc4 e6 8. g4 Bg6 9. Bxe6 Bb4 10. Nge2 Qd6 11. d5 Nbd7 12. Qd4 Nc5 13. Bxf6 Nxe6 14. dxe6 gxf6 15. O-O-O Qxd4 16. Rxd4 Bd6 17. Nb5 Rd8 18. Nxd6+ Rxd6 19. Rxd6 cxd6 20. Nf4 Ke7 21. Kd2 Rc8 1/2-1/2

[Event "Zuerich Open"]
[Site "Zurich SUI"]
[Date "1991.??.??"]
[Round "5"]
[White "Liardet, Fabrice"]
[Black "Speck, Hans"]
[Result "1-0"]
[WhiteElo "2205"]
[BlackElo "2225"]
[PlyCount "37"]
[EventDate "1991.??.??"]
[Source "www.chesslib.no"]
[SourceDate "2004.05.04"]

1. d4 f5 2. e4 fxe4 3. Nc3 Nf6 4. f3 d5 5. fxe4 dxe4 6. Bg5 Nc6 7. d5 Ne5 8. Qd4 Nf7 9. Bxf6 exf6 10. O-O-O Nd6 11. Nxe4 Nxe4 12. Qxe4+ Be7 13. Bb5+ Bd7 14. d6 Bxb5 15. dxe7 Qxe7 16. Qxb7 O-O 17. Qxb5 Qe3+ 18. Kb1 Rab8 19. Qd3 1-0

[Event "FRA-chT2 0203"]
[Site "?"]
[Date "2003.02.02"]
[Round "7"]
[White "Capit Francois"]
[Black "Guillon Cyril"]
[Result "1/2-1/2"]
[WhiteElo "2218"]
[BlackElo "2212"]
[PlyCount "113"]
[EventDate "2003.??.??"]
[Source "www.chesslib.no"]
[SourceDate "2004.05.04"]

1. d4 f5 2. e4 fxe4 3. Nc3 Nf6 4. g4 d5 5. g5 Ng8 6. f3 e6 7. fxe4 Bb4 8. Nge2 Ne7 9. a3 Ba5 10. Be3 O-O 11. Ng3 Bxc3+ 12. bxc3 c5 13. Bd3 Nbc6 14. Rf1 c4 15. Rxf8+ Qxf8 16. Bf1 Bd7 17. Bg2 Nd8 18. Qg4 Bc6 19. Kd2 Nc8 20. Nh5 Nd6 21. Rf1 Nxe4+ 22. Ke1 Qxa3 23. Bxe4 dxe4 24. Kd2 Be8 25. Nf6+ gxf6 26. gxf6+ Bg6 27. h4 Qa5 28. Rg1 Kf7 29. Qf4 Ke8 30. Qd6 Nc6 31. Qxe6+ Kd8 32. f7 Kc7 33. Rg5 Qa3 34. Rd5 Qe7 35. Bf4+ Kb6 36. Qg4 Bxf7 37. Rd7 Qe6 38. Qxe6 Bxe6 39. Rd6 Re8 40. d5 Bxd5 41. Rxd5 Rd8 42. Be3+ Kc7 43. Bf4+ Kb6 44. Be3+ Kc7 45. Bf4+ Kc8 46. Rxd8+ Kxd8 47. Ke3 Kd7 48. Kxe4 Ke6 49. Bc1 h5 50. Ba3 Ne5 51. Bc5 a6 52. Kf4 Nf7 53. Bb6 Kf6 54. Bd4+ Ke6 55. Bb6 Kf6 56. Bd4+ Ke6 57. Bb6 1/2-1/2